| 000 | 00476nam a2200169Ia 4500 | ||
|---|---|---|---|
| 999 |
_c1152 _d1152 |
||
| 003 | OSt | ||
| 005 | 20200930122114.0 | ||
| 008 | 190216s9999||||xx |||||||||||||| ||und|| | ||
| 040 | _coclc | ||
| 082 |
_a631.522 _bALL/P |
||
| 100 |
_aAllard, R W _95202 |
||
| 245 | 0 |
_aPrinciples Of Plant Breeding / _cR W Allard |
|
| 260 |
_bJohn Wiley & Sons, _c1983. _aNew York: |
||
| 300 | _a485p | ||
| 650 | _aBotany | ||
| 942 |
_cBK _2ddc _h631.522 _iALL/P _k631.522 _mALL/P |
||